Biblioteca

Cristo en todas las escrituras / A. M. Hodgkin ; Victor S. Hunt, Traductor (Registro nro. 34561)

Detalles MARC
000 -LÍDER
Campo fijo de descripción fija 005430000a22001810004500
041 0# - CÓDIGO DE IDIOMA
Código de idioma para texto/pista de sonido o título separado
082 04 - NÚMERO DE CLASIFICACIÓN DECIMAL DEWEY
Número de clasificación G 232 H6896c
001 - NÚMERO DE CONTROL
Campo de control 3938
100 1# - ASIENTO PRINCIPAL--NOMBRE PERSONAL
Nombre personal Hodgkin, A. M.
245 10 - TÍTULO
Título del Material Cristo en todas las escrituras / A. M. Hodgkin ; Victor S. Hunt, Traductor
260 ## - PUBLICACIÓN, DISTRIBUCIÓN, ETC. (PIE DE IMPRENTA)
Lugar de publicación, distribución, etc. Buenos Aries, Argentina : Cristiana
300 ## - DESCRIPCIÓN FÍSICA
Extensión 275 Pag
336 ## - CONTENT TYPE
Content type term texto
Content type code txt
Source rdacontent
337 ## - MEDIA TYPE
Source rdamedia
Media type term sin mediación
Media type code n
338 ## - CARRIER TYPE
Source rdacarrier
Carrier type term volumen
Carrier type code nc
650 14 - ASIENTO SECUNDARIO DE MATERIA - TERMINO TEMÁTICO
Término temático o nombre geográfico como elemento de entrada JESUCRISTO \ JESUCRISTO - PROFECIAS \ INTERPRETACION DE LA BIBLIA
942 ## - TIPO DE MATERIAL (KOHA)
Tipo de Item KOHA Libros General
Existencias
Estado de Material Estado de Perdido Estado de Dañado No para Préstamo Colección Tomo Biblioteca de Origen Biblioteca Permanente Fecha de Adquisición Total de Préstamos Signatura Topográfica Código de Barras Última vez visto Ejemplar/Existencia Fecha de Remplazo Tipo de Material
        Colección General   Biblioteca FUSBC Biblioteca FUSBC 03/12/2004   G 232 H6896c 3137 12/12/2019 1 26/01/2016 Libros General

Biblioteca FUSBC | Teléfono: (57+4) 349 88 10 Ext. 141| WhatsApp (+57) 3005338115 
E-mail: biblioteca@unisbc.edu.co | Calle 76 87-14 Robledo Palenque, Medellín, Colombia

Con tecnología Koha